000 00833nam a2200277 i 4500
001 15541
003 ES-MaACL
005 20250514194755.0
007 t|
008 000329s1999 sp ||||1| spa d
020 _a84-89739-23-4
080 _a821.134.2(64)-34(082.2)
080 _a821.134.2-34(082.2)
080 _a916.4(0:82)
245 0 0 _aNueva antología de relatos marroquíes /
_cJacinto López Gorgé [ed. lit.].
250 _a1ª ed.
260 _aGranada :
_bPort-Royal,
_c1999.
300 _a242 p. ;
_c21 cm.
490 1 _aLiteratura
650 1 4 _aCuentos marroquíes (Español)
_911493
650 4 _aCuentos españoles.
_911483
700 1 _aLópez Gorgé, Jacinto,
_d1925-2008
_973685
830 0 _aLiteratura
_9177860
852 _aES-MaACL
_jL-22791
_bR.128105
999 _c15541
_d15541